Trivialnamen von chem. Verbindungen - Statistiken

Allgemein
  • Dieses Quiz wurde 42 mal gespielt
  • Das Durchschnittsergebnis liegt bei 9 aus 32
Antwortstatistiken
Summenformel Trivialname % Korrekt
H20 Wasser
100%
NaCl Kochsalz
72%
O3 Ozon
62%
NH3 Ammoniak
46%
C2H5OH Ethanol
46%
HCl Salzsäure
46%
CH3COOH Essigsäure
44%
H2SO4 Schwefelsäure
44%
H2CO3 Kohlensäure
41%
NaOH Natronlauge
41%
HCOOH Ameisensäure
38%
HF Flusssäure
33%
N2O Lachgas
33%
CaCO3 Kalk
31%
KOH Kalilauge
28%
HCN Blausäure
26%
HNO2 Salpetrige Säure
26%
D2O Schweres Wasser
21%
Na2CO3 Soda
21%
CO2 (s) Trockeneis
21%
HCHO Formaldehyd
15%
CaSO4 Gips
15%
C5H5N Pyridin
13%
CHCl3 Chloroform
10%
(NH2)2CO Harnstoff
10%
T2O Überschweres Wasser
10%
C6H12 Benzol
8%
C3H4O4 Malonsäure
8%
C6H10O5 Stärke
8%
C9H7NO Hydroxychinolin
5%
C5H11N Piperidin
5%
C27H30O5S Thymolblau
5%
Keine übereinstimmenden Quizze gefunden
Verteilung der Resultate
Anzahl Personen mit jedem Resultat
Perzentil nach korrekt beantworteten Fragen
Ihre Resultats-Entwicklung
Sie haben dieses Quiz noch nicht gespielt